=LDR 00000nam 2200000 4500 =001 000658 =005 20250712025708 =035 ##$$a 0010-0725000526 =007 ta =008 250712################a##########0#ind## =020 ##$$a 978-623-742-687-9 =082 ##$$a 398.209 598 =100 #$$a Lawrence,Mirna =245 1#$$a Anak kambing /$c Mirna Lawrence =250 ##$$a Pertama =260 ##$$a Jakarta :$b Badan pengembangan dan pembinaan bahasa,$c 2022 =300 ##$$a 24 hlm. : $b ilus. ; $c 22,9 cm =650 #4$$a Cerita anak Indonesia terjemahan =650 #4$$a Literasi bahan bacaan =700 #$$a Nyambura Kariuki =084 ##$$a 398.209 598 LAW a =990 ##$$a TBM202400426